00636nam a2200181 4500001000700000003000900007005001700016007000300033008004100036100003000077245009000107260003600197300002200233700002600255852003200281999001900313952012200332121205ES-MaACL20230906191717.0t|070214s1973 fr r ||||1| fre d0 aPrévost, Claude.99381510aLittérature, politique, idéologie / cClaude Prevost ; préface de Roland Leroy. aParis : bEd. Sociales, c1973. a278 p. ; c18 cm.1 aLeroy, Roland.971808 aES-MaACLjE-10088 bR.94382 c121205d121205 00104070aATENEOMbATENEOMcDEPO2d2008-01-17eSCl0oE-10088p1126320r2023-02-23 00:00:00w2023-02-23yMONOGRAFIA